Estudio de la relación de la legislación agraria y el régimen de tenencia de la tierra en Guatemala /
Revisa la legislación agraria a través de la historia guatemalteca con el objetivo de definir si esta o no diseñada para resolver el problema agrario examina las diferentes leyes referidas al agro, vinculándolas con el proceso histórico de Guatemala. Muestra que las causas fundamentales del desarrol...
Bewaard in:
| Hoofdauteur: | |
|---|---|
| Formaat: | Thesis |
| Gepubliceerd in: |
Guatemala:
Universidad de San Carlos de Guatemala
|
| Onderwerpen: | |
| Tags: |
Voeg label toe
Geen labels, Wees de eerste die dit record labelt!
|
MARC
| LEADER | 00000 a a2200000 04500 | ||
|---|---|---|---|
| 001 | 19599 | ||
| 003 | |||
| 040 | |a CRAI/IIS |c CRAI/IIS | ||
| 090 | |a 07798.00 | ||
| 100 | |a Farfán González, Oscar Manolo | ||
| 245 | |a Estudio de la relación de la legislación agraria y el régimen de tenencia de la tierra en Guatemala / |c Oscar Manolo Farfán González | ||
| 260 | |a Guatemala: |b Universidad de San Carlos de Guatemala | ||
| 300 | |a 198 páginas | ||
| 502 | |a Tesis (Licenciado Ciencias Agrícolas) -- Universidad de San Carlos de Guatemala, 1974 | ||
| 520 | |a Revisa la legislación agraria a través de la historia guatemalteca con el objetivo de definir si esta o no diseñada para resolver el problema agrario examina las diferentes leyes referidas al agro, vinculándolas con el proceso histórico de Guatemala. Muestra que las causas fundamentales del desarrollo de Guatemala son principalmente el régimen de la tenencia de la tierra y la dependencia externa como factor generador./ALLV | ||
| 650 | |a ESTRUCTURA AGRARIA | ||
| 650 | |a TENENCIA DE LA TIERRA | ||
| 650 | |a REFORMA AGRARIA | ||
| 650 | |a LEGISLACION AGRARIA | ||
| 999 | |c 18148 |d 18148 | ||
